Construction (Design and Management) Regulations 1994: the new Approved Code of Practice and Guidance (Record no. 70007)
[ view plain ]
| 000 -LEADER | |
|---|---|
| fixed length control field | 01835cam a2200265 4500 |
| 001 - CONTROL NUMBER | |
| control field | ABS65313 |
| 008 - FIXED-LENGTH DATA ELEMENTS--GENERAL INFORMATION | |
| fixed length control field | 020418n2002 000 0 eng u |
| 035 ## - SYSTEM CONTROL NUMBER | |
| System control number | (Sirsi) u117560 |
| 100 ## - MAIN ENTRY--PERSONAL NAME | |
| Personal name | Barker, S |
| 245 ## - TITLE STATEMENT | |
| Title | Construction (Design and Management) Regulations 1994: the new Approved Code of Practice and Guidance |
| 260 ## - PUBLICATION, DISTRIBUTION, ETC. | |
| Date of publication, distribution, etc. | 2002 |
| 490 ## - SERIES STATEMENT | |
| Series statement | Building Engineer |
| Volume/sequential designation | March 2002, 38-40 |
| 490 ## - SERIES STATEMENT | |
| Series statement | Building Engineer |
| Volume/sequential designation | April 2002, 36-40(8) |
| 520 ## - SUMMARY, ETC. | |
| Summary, etc. | Two part article reviewing the new Approved Code of Practice and Guidance (ACoP) which came into force on 1 February 2002 has changed signficantly in form and content from previous editions with more emphasis on the role of the client. Part one sets out the purpose of the Construction (Design and Management) Regulations 1994 (CDM) and advises CDM duty holders and the construction industry to study and implement the new ACoP. Discusses the ACoP in relation to managing construction projects and looks at the role of clients, designers and planning supervisors. Part two discusses the ACoP in respect of principal contractors, contractors, contractors, competance and resources, information and training involving the workforce, health and safety plans and files. Concludes that it is a clear and comprehensive document which will greatly assist CDM duty holders as it aims to reduce bureaucracy and promote project specific documentation for management of Health and Safety. |
| 590 ## - LOCAL NOTE (RLIN) | |
| Local note | ABS |
| 650 ## - SUBJECT ADDED ENTRY--TOPICAL TERM | |
| Topical term or geographic name entry element | CONSTRUCTION (DESIGN AND MANAGEMENT) REGULATIONS 1994 |
| 650 ## - SUBJECT ADDED ENTRY--TOPICAL TERM | |
| Topical term or geographic name entry element | CLIENTS |
| 650 ## - SUBJECT ADDED ENTRY--TOPICAL TERM | |
| Topical term or geographic name entry element | APPROVED CODE OF PRACTICE |
| 650 ## - SUBJECT ADDED ENTRY--TOPICAL TERM | |
| Topical term or geographic name entry element | CONSTRUCTION PROJECTS |
| 650 ## - SUBJECT ADDED ENTRY--TOPICAL TERM | |
| Topical term or geographic name entry element | PLANNING SUPERVISORS |
| 650 ## - SUBJECT ADDED ENTRY--TOPICAL TERM | |
| Topical term or geographic name entry element | DESIGNERS |
| 650 ## - SUBJECT ADDED ENTRY--TOPICAL TERM | |
| Topical term or geographic name entry element | CONSTRUCTION (DESIGN AND MANAGEMENT) REGULATIONS 1994 |
| 690 ## - LOCAL SUBJECT ADDED ENTRY--TOPICAL TERM (OCLC, RLIN) | |
| Topical term or geographic name as entry element | BUILT ENVIRONMENT-BUILDING STANDARDS |
| 942 ## - ADDED ENTRY ELEMENTS (KOHA) | |
| Suppress in OPAC | 0 |
| Withdrawn status | Lost status | Source of classification or shelving scheme | Damaged status | Not for loan | Home library | Current library | Shelving location | Date acquired | Total Checkouts | Full call number | Barcode | Date last seen | Copy number | Price effective from | Koha item type |
|---|---|---|---|---|---|---|---|---|---|---|---|---|---|---|---|
| Dewey Decimal Classification | London | London | Journal article | 18/04/2002 | ABS65313 | 117560-1001 | 06/08/2019 | 1 | 06/08/2019 | Journal article |